|
|
|
|
| LEADER |
00000nab a2200000 a 4500 |
| 001 |
vtls008850383 |
| 003 |
SK-MaSNL |
| 005 |
20260318115048.0 |
| 008 |
060928 2006 xo | |000 0|hun |
| 015 |
|
|
|a SNBRB2006/09
|
| 038 |
|
|
|a KEVKJB
|
| 040 |
|
|
|a KEVKJB
|b slo
|c KEVKJB
|e AACR2
|
| 041 |
0 |
|
|a hun
|
| 044 |
|
|
|a xo
|c SK
|
| 080 |
|
|
|a 376.7
|2 2001
|
| 100 |
1 |
|
|a Havasi, Péter,
|d 1950-
|4 aut
|9 473075
|
| 245 |
1 |
0 |
|a Országos tanévnyitó ünnepély Nagykaposon
|c Havasi Péter
|
| 300 |
|
|
|b Fotogr.
|
| 650 |
0 |
7 |
|a školský rok 2006/2007
|x otvorenie
|2 kevkjb
|9 1620543
|
| 650 |
0 |
7 |
|a maďarské školy
|z Slovensko
|2 kevkjb
|9 1047452
|
| 651 |
|
7 |
|a Veľké Kapušany (Slovensko)
|2 kevkjb
|9 15686
|
| 651 |
|
7 |
|a Michalovce (Slovensko : okres)
|2 kevkjb
|9 19216
|
| 773 |
0 |
|
|t Kassai Figyelő
|g Évf. IV, sz. 9 (2006), o. 6
|
| 852 |
|
|
|a KEVKJB
|b KIS3GCP
|
| 958 |
|
|
|a HU
|
| 958 |
|
|
|a NM
|
| 999 |
|
|
|c 3339842
|d 3341772
|